A dangerous place / (Record no. 3718)

MARC details
000 -LEADER
fixed length control field 01008cam a2200325 i 4500
001 - CONTROL NUMBER
control field 4155440
003 - CONTROL NUMBER IDENTIFIER
control field OSt
005 - DATE AND TIME OF LATEST TRANSACTION
control field 20230704110826.0
008 - FIXED-LENGTH DATA ELEMENTS--GENERAL INFORMATION
fixed length control field 780615s1978 mau 001 0 eng
010 ## - LIBRARY OF CONGRESS CONTROL NUMBER
LC control number 78016473
020 ## - INTERNATIONAL STANDARD BOOK NUMBER
Canceled/invalid ISBN 0316586944
040 ## - CATALOGING SOURCE
Original cataloging agency DLC
Transcribing agency DLC
Modifying agency DLC
043 ## - GEOGRAPHIC AREA CODE
Geographic area code n-us---
050 00 - LIBRARY OF CONGRESS CALL NUMBER
Classification number JZ4997.5.U6
Item number M69 1978
082 00 - DEWEY DECIMAL CLASSIFICATION NUMBER
Classification number 341.23
Item number MOY
100 1# - MAIN ENTRY--PERSONAL NAME
Personal name Moynihan, Daniel P.
Fuller form of name (Daniel Patrick),
Dates associated with a name 1927-2003.
245 12 - TITLE STATEMENT
Title A dangerous place /
Statement of responsibility, etc. by Daniel Patrick Moynihan, with Suzanne Weaver.
250 ## - EDITION STATEMENT
Edition statement 1st ed.
260 ## - PUBLICATION, DISTRIBUTION, ETC. (IMPRINT)
Place of publication, distribution, etc. Boston :
Name of publisher, distributor, etc. Little, Brown,
Date of publication, distribution, etc. c1978.
300 ## - PHYSICAL DESCRIPTION
Extent x, 297 p. ;
Dimensions 25 cm.
500 ## - GENERAL NOTE
General note "An Atlantic Monthly Press book."
500 ## - GENERAL NOTE
General note Includes index.
610 20 - SUBJECT ADDED ENTRY--CORPORATE NAME
Corporate name or jurisdiction name as entry element United Nations
Geographic subdivision United States.
650 #0 - SUBJECT ADDED ENTRY--TOPICAL TERM
Topical term or geographic name as entry element World politics
Chronological subdivision 1975-1985.
651 #0 - SUBJECT ADDED ENTRY--GEOGRAPHIC NAME
Geographic name United States
General subdivision Foreign relations
Chronological subdivision 1974-1977.
700 1# - ADDED ENTRY--PERSONAL NAME
Personal name Weaver, Suzanne,
Relator term joint author.
906 ## - LOCAL DATA ELEMENT F, LDF (RLIN)
a 7
b cbc
c orignew
d 1
e ocip
f 19
g y-gencatlg
942 ## - ADDED ENTRY ELEMENTS (KOHA)
Source of classification or shelving scheme Dewey Decimal Classification
Koha item type Books
Holdings
Withdrawn status Lost status Source of classification or shelving scheme Damaged status Not for loan Home library Current library Date acquired Total Checkouts Full call number Barcode Date last seen Price effective from Koha item type
    Dewey Decimal Classification     County Hall Archives County Hall Archives 07/04/2023   341.23 MOY 10001227 07/04/2023 07/04/2023 Books
LIBRARY OPENING HOURS

When the Parliament is sitting: 8.00a.m - 7.00p.m or until the house adjourns
Mondays and Fridays and when the House is on Recess:  8.00a.m - 5.00p.m
Closed on Weekends and Public Holidays

Online Public Access Catalog (OPAC)
Website: http://www.parliament.go.ke
Bunge Library: https://libraryir.parliament.go.ke
Contact: library@parliament.go.ke | Tel no: (254-2)2221291 or 2848000 Ext 5043